000 01030nam a2200325 a 4500
999 _c2397
_d2397
001 2151032
003 GZU
005 20201029111029.0
008 980721s1998 sa b 001 0 eng c
010 _a 98173349
020 _a9780627023507
035 _a(OCoLC)40355173
040 _aIEN
_cIEN
_dDLC
042 _apcc
050 0 0 _aHN 710
_bBEE 1998
082 0 0 _a307.14
_221
100 1 _aDe Beer, Frik.
245 1 0 _aCommunity development and beyond :
_bissues, structures and procedures /
_cFrik de Beer & Hennie Swanepoel.
250 _a1st ed.
260 _aPretoria :
_bJ.L. van Schaik,
_c1998.
300 _a118 p. ;
_c25 cm.
504 _aIncludes bibliographical references and index.
650 0 _aCommunity development.
650 0 _aCommunity development
_xCase studies.
700 1 _aSwanepoel, Hennie.
906 _a7
_bcbc
_cpccadap
_d3
_encip
_f19
_gy-gencatlg
942 _2lcc
_cBK
_e1st
_h710
_iBEE
_kHN